A vingança de Catamount (Record no. 45821)
[ view plain ]
| 000 -Etiqueta do registo | |
|---|---|
| Valores | 00486nam a2200193 4500 |
| 100 ## - Dados gerais de processamento | |
| Dados gerais | 20081018d1942 k y0pory5003 ba |
| 101 0# - Língua de publicação | |
| Língua | por |
| 102 ## - País de publicação | |
| País | PT |
| 200 1# - Titulo e menção de responsabilidade | |
| Título próprio | A vingança de Catamount |
| Primeira menção de responsabilidade | Albert Bonneau |
| 210 ## - Publicação | |
| Local de publicação | Lisboa |
| Nome do editor | Livraria Clássica |
| Data de publicação | 1937 |
| 215 ## - Descrição física | |
| Paginação / Volumes | 245 p. |
| 225 2# - Colecção | |
| Título próprio da colecção | Os melhores romances de aventuras |
| Indicação de volume | 23 |
| 675 ## - CDU | |
| Notação | 82-93 |
| 700 #1 - Autor principal | |
| Apelido | Bonneau |
| Nome | Albert |
| 702 #1 - Autor secundário | |
| Apelido | Lima |
| Nome | José de |
| Função | 730 |
| 801 #0 - Fonte de origem | |
| País | PT |
| Agência | BPMFF |
| Regras de catalogação | RPC |
| 990 ## - Elementos KOHA | |
| Tipo de documento | Livro |
| Aquisição | Empréstimo | Código de barras | Cota | Permissão de empréstimo | Tipo de documento |
|---|---|---|---|---|---|
| Biblioteca Municipal de Redondo | Biblioteca Municipal de Redondo | 057056 | 82-93 BON | Livro |